00930nam a22002657a 450000500170000000800410001702000150005804000070007304100080008008200220008810000260011024500510013626000310018730000270021836500420024552000920028765000300037965000200040965000290042965000330045870000280049194200120051999900190053195201140055020230624103513.0230624b ||||| |||| 00| 0 eng d a8129109468 cAL aeng 223a320.954bRAJD aPrakash A Raj9124765 aDancing Democracy:bThe Power of the Third Eye aNew DelhibRupa & Coc2006 ax,138p.bPBc20x13ACM. 2Poitical Scienceb195.00c₹d195.00 aBalanced overview of politics, public uprisings in Nepal. illus. excellent introduction aPolitical Parties9124760 aMaoists9124761 aRoyal Nepal Army9124762 aConstituent Assembly9124763 aRAJ (Prakash A)9124764 2ddccDB c227648d227648 00102ddc40708PSaALbALd2023-06-17l0o320.954 RAJDpD05897r2023-06-24 00:00:00v195.00w2023-06-24yDB